Glosario de voces comentadas en ediciones de textos clásicos / por Carmen Fontecha
Descripción Física:
VIII, 411 p. ; 23 cm
MARC
| LEADER | 00000nam a2200000Ia 4500 | ||
|---|---|---|---|
| 001 | 757 | ||
| 008 | 160829s1941 xx 000 0 cat d | ||
| 080 | |a L-1-68 | ||
| 100 | |a Fontecha, Carmen |9 24251 | ||
| 245 | |a Glosario de voces comentadas en ediciones de textos clásicos / por Carmen Fontecha | ||
| 260 | |a Madrid : |b Consejo Superior de Investigaciones Científicas, |c 1941 | ||
| 300 | |a VIII, 411 p. ; |c 23 cm | ||
| 490 | |a Publicaciones de la Revista de filología española | ||
| 650 | |a Castellà |x Glossaris, vocabularis, etc. |x S. XVI/XVII |9 24252 | ||
| 710 | 2 | |a Consejo Superior de Investigaciones Científicas (CSIC) (Espanya) |9 53988 | |
| 901 | |a Arxiu | ||
| 942 | |n 1 | ||
| 952 | |0 0 |1 0 |4 0 |6 L168 |7 1 |9 43038 |a Arxiu |b Arxiu |d 2016-12-01 |l 0 |o L-1-68 |p 757 |r 2016-12-01 00:00:00 |w 2016-12-01 |y ARXIU | ||
| 999 | |c 45582 |d 45582 | ||